Statistiques concernant Le tour du monde en chansons

Cliquez ici pour prendre le quiz!

Statistiques générales

  • Ce quiz a été pris 146 fois
  • Le résultat moyen est 14 sur 50

Statistiques - réponses

InterprètesAnnéeChanson% Correct
Michel Sardou1981Les lacs du Connemara
91%
Bruce Springsteen1984Born in the USA
69%
Charles Trénet1947Douce France
69%
Jacques Brel1962Le plat pays
69%
Charles Aznavour pour l'Arménie1989Pour toi Arménie
63%
La Compagnie Créole1984Bons baisers de Fort-de-France
55%
Madonna1996Don't cry for me Argentina
55%
Toto1982Africa
55%
Line Renaud1948Ma cabane au Canada
52%
Rose Laurens1982Africa
50%
Julien Clerc1970La Californie
45%
The Beach Boys1963Surfin' USA
43%
The Beatles1968Back in the USSR
42%
France Gall1984Hong Kong star
40%
Michel Fugain1975Les Acadiens
40%
Lilicub1996Voyage en Italie
39%
Patricia Kaas1988D'Allemagne
39%
Kim Wilde1981Cambodia
38%
The Bangles1986Walk like an Egyptian
36%
David Bowie1983China girl
33%
Michael Jackson1989Liberian girl
32%
Amadou & Mariam & Manu Chao2004Sénégal fast food
31%
Hervé Vilard1983Méditerranéenne
26%
Johnny Clegg & Savuka1987Scatterlings of Africa
23%
Pascal Danel1966Les neiges du Kilimanjaro
22%
Alphaville1984Big in Japan
21%
Coldplay & Rihanna2011Princess of China
18%
James Brown1985Living in America
18%
Matthieu Chédid & Toumani & Sidiki Diabaté2017Bal de Bamako
17%
Red Hot Chili Peppers2006Dani California
17%
Beau Dommage1974La complainte du phoque en Alaska
16%
Chanteurs sans frontières1985Ethiopie
13%
Jacqueline François1955Les lavandières du Portugal
12%
Serge Lama1975L'Algérie
12%
Hélène Ségara1996Les vallées d'Irlande
11%
Eddy Grant1988Gimme Hope Jo'anna
8%
Joao & Astrud Gilberto & Stan Getz1963The girl from Ipanema
8%
Mike Oldfield1984To France
8%
Raft1988Femmes du Congo
8%
Yves Simon1985L'Abyssinie
8%
Abd Al Malik2006Gibraltar
7%
Dorothée1991Les neiges de l'Himalaya
7%
Georgette Plana1972E viva Espana
6%
Confetti's1989C in China
5%
Gibson Bothers1978Cuba
4%
Michel Delpech1991Les voix du Brésil
4%
Joan Baez1972Song of Bangladesh
3%
MC Solaar2003Au pays de Gandhi
2%
Siouxsie & The Banshees1983Israël
2%
The Passengers1995Miss Sarajevo
2%

Distribution des résultats

Percentile par nombre de réponses

% des personnes avec chaque résultat

Votre développement - résultats

Vous n’avez pas pris ce quiz